00942nam a2200241 a 4500001001000000003000500010005001700015008004100032040000900073100003200082245013600114245001700250260004100267500006000308502011200368650001900480650002500499650003100524650003600555650003600591856005700627856001600684000114713CHAP20260422110929.0180323s2018 mx sm |||||||spa d cCHAP1 aGonzález Moctezuma, Pablo13aLa gestión del agua y su relación con el desarrollo de la comunidad de Yoactún, Quintana Roocpor Pablo González Moctezuma.13h[En línea] aChapingo, Méx. :bEl autor,c2018. aPara ver el contenido del material haga clic en la liga aTesis (Maestro en Gestión del Desarrollo Rural) -- UACH. Dirección de Centros Regionales Universitarios14aAguaxCalidad.14aAguaxUtilización.14aComunidadxOrganización.17aAgua de lluviaxAprovechamiento17aAgua de lluviaxAprovechamiento uhttp://10.13.5.2/tesis/sist114713.pdfzTeclea aquí aFinding aid